| 000 | 01389nam a22003497a 4500 | ||
|---|---|---|---|
| 003 | CHAP | ||
| 005 | 20220329143821.0 | ||
| 008 | 110929s2009 mx a r 00010 spa d | ||
| 010 | _a102262 | ||
| 011 | _a103234 | ||
| 020 | _a968484655X | ||
| 035 | _a113923 | ||
| 040 | _cCHAP | ||
| 082 | 0 | 4 |
_a344.046097252 _bP58 |
| 100 | 0 | 0 |
_aPichardo Pagaza, Ignacio. _987970 |
| 245 | 1 | 0 |
_aSostenibilidad y desarrollo : _bensayos sobre política ambiental en el Estado de México _c/por Ignacio Pichardo Pagaza |
| 260 |
_aToluca, Méx. : _bGobierno del Estado de México, _c2009 |
||
| 300 |
_a214 p. : _bilus. |
||
| 490 |
_aBiblioteca Mexiquense del Bicentenario. _pColección Mayor. _pEstado de México: patrimonio de un pueblo |
||
| 590 |
_aBATCH-UPD _b10 _c20130110 _lUCH01 _h1604 |
||
| 590 |
_aBATCH-UPD _b10 _c20130410 _lUCH01 _h1001 |
||
| 590 |
_aBATCH-UPD _b10 _c20130914 _lUCH01 _h1809 |
||
| 590 |
_aCONVERSION _b10 _c20130109 _lUCH01 _h1356 |
||
| 650 | 1 | 4 |
_aAgua _xLeyes. _92378 |
| 650 | 1 | 4 |
_aMedio ambiente _xLeyes. _974098 |
| 650 | 1 | 4 |
_aMedio ambiente _xProtección _zMéxico (Edo.). _974113 |
| 650 | 1 | 4 |
_aPolítica ambiental _xMéxico (Edo.) _990427 |
| 830 |
_aBiblioteca Mexiquense del Bicentenario. _pColección Mayor. _pEstado de México: patrimonio de un pueblo _912425 |
||
| 901 | _aBK | ||
| 942 | _cLIBRO | ||
| 949 |
_a344.046097252 P58 _bBC _cLIBRO _d33724002307637 _eLIBRO _h115907 _i113923 _sb |
||
| 999 |
_c102262 _d102262 |
||